La Atlántida (Record no. 167213)
[ view plain ]
| 000 -LEADER | |
|---|---|
| campo de control de longitud fija | 00790nam a2200205 i 4500 |
| 001 - NÚMERO DE CONTROL | |
| campo de control | 167213 |
| 003 - IDENTIFICADOR DE NÚMERO DE CONTROL | |
| campo de control | ES-MaACL |
| 005 - FECHA Y HORA DE LA ÚLTIMA TRANSACCIÓN | |
| campo de control | 20231229063055.0 |
| 008 - DATOS DE LONGITUD FIJA--INFORMACIÓN GENERAL | |
| campo de control de longitud fija | 001220q1878 sp |||| | spa d |
| 040 ## - FUENTE DE CATALOGACIÓN | |
| Centro catalogador/agencia de origen | CCPB | B |
| Lengua de catalogación | spa |
| Centro/agencia transcriptor | CCPB | B |
| 100 1# - ENTRADA PRINCIPAL--NOMBRE DE PERSONA | |
| Nombre de persona | Verdaguer, Jacint, |
| Fechas asociadas al nombre | 1845-1902 |
| 9 (RLIN) | 113998 |
| 245 13 - MENCIÓN DEL TÍTULO | |
| Título | La Atlántida |
| Resto del título | : poema catalán / |
| Mención de responsabilidad, etc. | de Jacinto Verdaguer ; traducido en verso castellano por José María de Despujol y de Dusay. |
| 260 ## - PUBLICACIÓN, DISTRIBUCIÓN, ETC. | |
| Lugar de publicación, distribución, etc. | Barcelona : |
| Nombre del editor, distribuidor, etc. | Librería de Juan Oliveres, |
| Fecha de publicación, distribución, etc. | [1878?] |
| 300 ## - DESCRIPCIÓN FÍSICA | |
| Extensión | VII, 136 p. ; |
| Dimensiones | 22 cm. |
| 596 ## - NOTA AL PIE DE IMPRENTA | |
| NOTA AL PIE DE IMPRENTA | En port. consta: Premiado en los Juegos Florales de Barcelona en 1877. |
| 700 1# - ENTRADA AGREGADA--NOMBRE PERSONAL | |
| Nombre de persona | Despujol y de Dusay, José María de. |
| 9 (RLIN) | 126776 |
| 852 ## - LOCALIZACIÓN | |
| Ubicación | ES-MaACL |
| Número de control de estantería | B-5658 |
| Nota libre | -- Rúst. |
| Estatus retirado | Estado de pérdida | Estado de daño | No para préstamo | Colección | Biblioteca de origen | Biblioteca actual | Ubicación en estantería | Fecha de adquisición | Fuente de adquisición | Total de préstamos | Signatura topográfica completa | Código de barras | Visto por última vez | Precio de reemplazo | Tipo de ítem Koha |
|---|---|---|---|---|---|---|---|---|---|---|---|---|---|---|---|
| Libros del s. XIX | Biblioteca del Ateneo de Madrid | Biblioteca del Ateneo de Madrid | Sala Pardo Bazán | 17/01/2008 | B-5658 | 1175407 | 23/02/2023 | 23/02/2023 | Libro impreso antiguo |
